[Event "Bunratty Masters 2020"]
[Site "Bunratty IRL"]
[Date "2020.02.22"]
[Round "2.16"]
[White "Kanyamarala, Tarun"]
[Black "Venkatesan, Kavin"]
[Result "1/2-1/2"]
[WhiteTitle "FM"]
[WhiteElo "2349"]
[BlackElo "2027"]
[WhiteICU "2275"]
[BlackICU "2100"]
[WhiteClub "Balbriggan"]
[BlackClub "St. Benildus"]
[WhiteNationality "IRL"]
[BlackNationality "IRL"]
[WhiteFideId "45004714"]
[BlackFideId "2512602"]
[PlyCount "204"]
[EventDate "2020.02.21"]

{ Event information: <a
href="http://www.irlchess.com/bunratty2020_allfiles/pairings_bunratty2020.html">Tournament
report</a>. }

1. d4 Nf6 2. c4 e6 3. Nc3 Bb4 4. e3 O-O 5. Nf3 d5 6. Bd2 c5 7. a3 Bxc3 8.
Bxc3 Ne4 9. Rc1 b6 10. dxc5 bxc5 11. Bd3 Nxc3 12. Rxc3 Nd7 13. cxd5 exd5
14. O-O c4 15. Bc2 Nf6 16. Nd4 Bg4 17. Qd2 Bh5 18. f4 Re8 19. h3 h6 20. f5
Ne4 21. Bxe4 Rxe4 22. f6 Bg6 23. Nc6 Qd6 24. Ne7+ Kh7 25. Qxd5 Qxd5 26.
Nxd5 Rd8 27. Nb4 Rd2 28. Rf2 Rxf2 29. Kxf2 gxf6 30. Nc6 Kg7 31. Nxa7 Re7
32. Nc6 Rd7 33. Ke1 Rd3 34. Rxd3 Bxd3 35. Nd4 Kg6 36. a4 f5 37. Ne2 Kf6 38.
Kd2 Ke5 39. Nf4 Be4 40. Kc3 Bc6 41. a5 Ke4 42. Kd2 Bb7 43. Ne2 Kd5 44. Ng3
Ke5 45. Ne2 Bxg2 46. Kc3 Bb7 47. Nd4 Ba6 48. Nc6+ Kd6 49. Nb4 Bc8 50. Kxc4
f4 51. exf4 Bxh3 52. Kd4 Bg2 53. Nc2 h5 54. Ne3 Bf3 55. Nc4+ Kc7 56. Ne5
Bg2 57. Nxf7 h4 58. Ke3 Kb7 59. Nd6+ Kc6 60. Nc4 h3 61. Kf2 Bd5 62. Ne5+
Kb5 63. Kg3 Kxa5 64. Nd3 $2 (64. f5 $18) (64. Kxh3 $18) 64... Be6 $10 65.
Nf2 Kb4 66. Ne4 Bf5 67. Nd2 Ka4 68. Kf2 Kb4 69. Nf3 h2 70. Nxh2 Kb3 71. Ke3
Kxb2 72. Kd4 Kb3 73. Nf3 Bg4 74. Ne5 Bf5 75. Nf7 Kb4 76. Ke5 Bg4 77. Nh6
Bd7 78. Nf5 Kc5 79. Nd4 Bg4 80. Nf5 Kb6 81. Kf6 Kc7 82. Kg5 Bh3 83. Ne3 Bd7
84. Nf5 Bc8 85. Kf6 Bd7 86. Ng7 Bg4 87. Kg5 Bd7 88. Nf5 Bc8 89. Ne7 Be6 90.
Kg6 Kd8 91. Kf6 Bg4 92. Nd5 Bd7 93. Ne3 Bc8 94. Nf5 Kc7 95. Nh6 Kd6 96.
Nf7+ Kc7 97. Kg6 Bd7 98. Ng5 Kd6 99. Kf6 Bc8 100. Kf7 Bg4 101. Ne4+ Kc7
102. Nf6 Bh3 1/2-1/2

[Event "Bunratty Masters 2020"]
[Site "Bunratty IRL"]
[Date "2020.02.22"]
[Round "2.17"]
[White "Murray, David"]
[Black "Wolferink, Frans"]
[Result "1-0"]
[WhiteElo "2145"]
[BlackElo "2081"]
[WhiteICU "2138"]
[WhiteClub "Gonzaga"]
[WhiteNationality "IRL"]
[BlackNationality "NED"]
[WhiteFideId "2501511"]
[BlackFideId "1003917"]
[PlyCount "79"]
[EventDate "2020.02.21"]

{ Event information: <a
href="http://www.irlchess.com/bunratty2020_allfiles/pairings_bunratty2020.html">Tournament
report</a>. }

1. e4 e5 2. Nf3 Nc6 3. d4 exd4 4. Nxd4 Nf6 5. Nxc6 bxc6 6. e5 Qe7 7. Qe2
Nd5 8. c4 Nb6 9. Nc3 Qe6 10. Bd2 a5 11. Qe4 d5 12. exd6 cxd6 13. O-O-O Qxe4
14. Nxe4 Be6 15. b3 a4 16. Be3 axb3 17. axb3 Ra1+ 18. Kc2 Rxd1 19. Kxd1 Nd7
20. Be2 Be7 21. g4 f5 22. gxf5 Bxf5 23. Ng3 Bh3 24. Kc2 O-O 25. Ra1 Bf6 26.
Ra6 Bg2 27. b4 d5 28. Rxc6 Ne5 29. Rc7 Nxc4 30. Bxc4 dxc4 31. Rxc4 Ra8 32.
Ne4 Ra2+ 33. Kb3 Rb2+ 34. Ka3 Bxe4 35. Rxe4 Kf7 36. Bc5 Kg6 37. Rf4 Rb1 38.
Rf3 Be5 39. h3 Rc1 40. Ka4 1-0

[Event "Bunratty Masters 2020"]
[Site "Bunratty IRL"]
[Date "2020.02.22"]
[Round "2.18"]
[White "Van der Zwet, Bart"]
[Black "Shanel, Jaroslav"]
[Result "1/2-1/2"]
[WhiteElo "2092"]
[BlackElo "2138"]
[WhiteNationality "NED"]
[BlackNationality "CZE"]
[WhiteFideId "1004204"]
[BlackFideId "318671"]
[PlyCount "120"]
[EventDate "2020.02.21"]
[WhiteFullName "van der Zwet, Bart"]

{ Event information: <a
href="http://www.irlchess.com/bunratty2020_allfiles/pairings_bunratty2020.html">Tournament
report</a>. }

1. d4 d5 2. Nf3 c5 3. e3 e6 4. b3 Nf6 5. Bb2 Be7 6. Bd3 Nc6 7. Nbd2 O-O 8.
Ne5 Qc7 9. O-O Nb4 10. dxc5 Qxc5 11. Ng4 Nxg4 12. Qxg4 e5 13. Qd1 e4 14.
Bd4 Qc6 15. Be2 Qxc2 16. Rc1 Qxd1 17. Rfxd1 Nxa2 18. Ra1 Nb4 19. Rxa7 Rxa7
20. Bxa7 Nc6 21. Bb6 Bb4 22. Bb5 Bg4 23. f3 exf3 24. Nxf3 Be6 25. Kf2 h6
26. Rc1 Bd7 27. Bc5 Rc8 28. Bxc6 Rxc6 29. Ne5 Rxc5 30. Rxc5 Bxc5 31. Nxd7
Ba7 32. Ne5 d4 33. e4 d3+ 34. Ke1 Bb8 35. Nf3 Bf4 36. g3 Be3 37. Ne5 Kf8
38. Nxd3 Ke7 39. Ke2 Bg1 40. h3 Ke6 41. Kf3 b5 42. Kf4 Bd4 43. g4 g6 44. h4
Bf6 45. Kg3 Be5+ 46. Kf3 Bf6 47. Kg3 Be5+ 48. Kf3 Bd6 49. h5 Kf6 50. hxg6
fxg6 51. Ke3 Bb8 52. Kf3 Bc7 53. Nb4 Ke5 54. Nc6+ Kd6 55. Nd4 Kc5 56. Ne6+
Kb6 57. Nf8 Kc5 58. Ne6+ Kd6 59. Nd4 Kc5 60. Ne6+ Kd6 1/2-1/2

[Event "Bunratty Masters 2020"]
[Site "Bunratty IRL"]
[Date "2020.02.22"]
[Round "2.19"]
[White "Vogel, Constantin"]
[Black "Manojlovic, Mihailo"]
[Result "0-1"]
[WhiteElo "2129"]
[BlackElo "2024"]
[WhiteICU "1993"]
[BlackICU "2038"]
[WhiteClub "St. Benildus"]
[BlackClub "St. Benildus"]
[WhiteNationality "GER"]
[BlackNationality "IRL"]
[WhiteFideId "12960071"]
[BlackFideId "2507633"]
[PlyCount "39"]
[EventDate "2020.02.21"]

{ Event information: <a
href="http://www.irlchess.com/bunratty2020_allfiles/pairings_bunratty2020.html">Tournament
report</a>. }

1. Nf3 Nf6 2. c4 g6 3. b3 Bg7 4. Bb2 O-O 5. g3 d6 6. d4 c6 7. Bg2 Re8 8.
O-O Qa5 9. h3 e5 10. Nc3 e4 11. Nd2 d5 12. e3 Nh5 13. g4 Nf6 14. f3 exf3
15. Qxf3 Be6 16. e4 h5 17. gxh5 Nxh5 18. e5 Bh6 19. Rad1 Nf4 20. Bc1 $4 (
20. Bc1 Qxc3 21. Qxc3 Ne2+) 0-1

[Event "Bunratty Masters 2020"]
[Site "Bunratty IRL"]
[Date "2020.02.22"]
[Round "2.21"]
[White "Steil-Antoni, Fiona"]
[Black "Foley, John"]
[Result "0-1"]
[WhiteTitle "WIM"]
[WhiteElo "2121"]
[BlackElo "1954"]
[WhiteNationality "LUX"]
[BlackNationality "ENG"]
[WhiteFideId "4001249"]
[BlackFideId "424110"]
[PlyCount "66"]
[EventDate "2020.02.21"]

{ Event information: <a
href="http://www.irlchess.com/bunratty2020_allfiles/pairings_bunratty2020.html">Tournament
report</a>. }

1. e4 c6 2. Ne2 d5 3. e5 Bf5 4. Ng3 Bg6 5. h4 e6 6. h5 Bf5 7. Nxf5 exf5 8.
d4 g5 9. hxg6 fxg6 10. g4 Ne7 11. Bd3 c5 12. c3 Qd7 13. Bg5 Bg7 14. Bxe7
Qxe7 15. gxf5 gxf5 16. Bxf5 Nd7 17. Qh5+ Kd8 18. Nd2 cxd4 19. cxd4 Rc8 20.
Qg4 Rc6 21. f4 h5 22. Qf3 Nb6 23. a4 a5 24. Kd1 Qb4 25. Nb3 Kc7 26. Bc2 Kb8
27. Rh2 Rhc8 28. f5 Bh6 29. f6 Nc4 30. Bg6 Ne3+ 31. Ke2 Qxb3 32. Rb1 Rc2+
33. Bxc2 Qxc2+ 0-1

[Event "Bunratty Masters 2020"]
[Site "Bunratty IRL"]
[Date "2020.02.22"]
[Round "2.22"]
[White "Kennedy, John P. A."]
[Black "Lucchi, Lorenzo"]
[Result "0-1"]
[WhiteElo "2041"]
[BlackElo "2111"]
[WhiteICU "1991"]
[WhiteClub "Dublin"]
[WhiteNationality "IRL"]
[BlackNationality "ITA"]
[WhiteFideId "2501120"]
[BlackFideId "821160"]
[PlyCount "70"]
[EventDate "2020.02.21"]

{ Event information: <a
href="http://www.irlchess.com/bunratty2020_allfiles/pairings_bunratty2020.html">Tournament
report</a>. }

1. Nf3 Nf6 2. g3 g6 3. Bg2 Bg7 4. O-O c5 5. Re1 d5 6. d3 O-O 7. Nbd2 d4 8.
a4 Nc6 9. Nc4 Be6 10. b3 Nd5 11. Bd2 h6 12. Qc1 Kh7 13. h4 Bg4 14. Nh2 Bf5
15. g4 Be6 16. h5 Qd7 17. Bf3 b6 18. Kh1 Rab8 19. Rg1 a6 20. g5 b5 21. gxh6
Bh8 22. hxg6+ fxg6 23. axb5 axb5 24. Rxg6 Kxg6 25. Qg1+ Kh7 26. Qg5 Bf6 27.
Be4+ Kh8 28. Qg6 Rf7 29. Rg1 bxc4 30. dxc4 Ne5 31. Qh5 Nc3 32. Bxc3 dxc3
33. e3 Rg8 34. f4 Rxg1+ 35. Kxg1 Bg4 0-1

[Event "Bunratty Masters 2020"]
[Site "Bunratty IRL"]
[Date "2020.02.22"]
[Round "2.23"]
[White "O'Connor, Jonathan"]
[Black "Murphy, Sean J."]
[Result "1/2-1/2"]
[WhiteElo "2161"]
[BlackElo "1976"]
[WhiteICU "2110"]
[BlackICU "1985"]
[WhiteClub "Dublin"]
[BlackClub "Cork"]
[WhiteNationality "IRL"]
[BlackNationality "IRL"]
[WhiteFideId "2501112"]
[BlackFideId "2512742"]
[PlyCount "120"]
[EventDate "2020.02.21"]
[BlackFullName "Murphy, Se&aacute;n J."]

{ Event information: <a
href="http://www.irlchess.com/bunratty2020_allfiles/pairings_bunratty2020.html">Tournament
report</a>. }

1. d4 d5 2. Nf3 Nf6 3. g3 c5 4. c4 cxd4 5. cxd5 Qa5+ 6. Qd2 Qxd5 7. Qxd4
Nc6 8. Qxd5 Nxd5 9. Bg2 Ndb4 10. Na3 g6 11. O-O Bg7 12. Nb5 O-O 13. a3 Nc2
14. Rb1 N2d4 15. Nfxd4 Nxd4 16. Nxd4 Bxd4 17. Bh6 Rd8 18. Rbd1 Bg4 19. Rd2
Rd6 20. h3 Be6 21. Bf4 Rd7 22. e3 Bg7 23. Rfd1 Rad8 24. Rxd7 Rxd7 25. Rxd7
Bxd7 26. Bb8 Bxb2 27. Bxa7 Bxa3 28. Bxb7 Bxh3 29. Kh2 Be6 30. Kg2 f6 31.
Bc6 Kf7 32. e4 Bd6 33. Be3 g5 34. f3 Bb3 35. Bd7 e6 36. Bb5 Bc2 37. g4 Bb3
38. Bd4 Ke7 39. Kf2 e5 40. Bb6 Bf7 41. Kg3 h5 42. gxh5 Bxh5 43. Kf2 Bb4 44.
Be2 Be8 45. Bc4 Bd7 46. Be2 Bc3 47. Bc5+ Kf7 48. Bd6 Ba5 49. Bc5 Bd8 50.
Bd6 Be7 51. Bc7 Kg6 52. Kg3 Bb4 53. Bb6 Be1+ 54. Kg2 Bd2 55. Bc5 Bc3 56.
Be7 Bd2 57. Bd8 Bf4 58. Be7 Kh5 59. Bxf6 Kh4 60. Kf2 Bh3 1/2-1/2

[Event "Bunratty Masters 2020"]
[Site "Bunratty IRL"]
[Date "2020.02.22"]
[Round "2.24"]
[White "Fox, Anthony"]
[Black "Mueller, Reinhard"]
[Result "1/2-1/2"]
[WhiteElo "2001"]
[BlackElo "2109"]
[WhiteICU "1968"]
[WhiteClub "Dun Laoghaire"]
[WhiteNationality "IRL"]
[BlackNationality "GER"]
[WhiteFideId "2500736"]
[BlackFideId "4679172"]
[PlyCount "44"]
[EventDate "2020.02.21"]

{ Event information: <a
href="http://www.irlchess.com/bunratty2020_allfiles/pairings_bunratty2020.html">Tournament
report</a>. }

1. e4 e6 2. d3 d5 3. Nd2 Nf6 4. Ngf3 Bc5 5. Be2 dxe4 6. dxe4 e5 7. O-O Nc6
8. c3 a5 9. Qc2 O-O 10. Nc4 Re8 11. a4 h6 12. Be3 Qe7 13. Rad1 Bd7 14. Bc1
Rad8 15. Ne3 Be6 16. Bb5 Rxd1 17. Rxd1 Ng4 18. Nxg4 Bxg4 19. Qe2 Qf6 20. h3
Bxf3 21. Qxf3 Qxf3 22. gxf3 Rd8 1/2-1/2

[Event "Bunratty Masters 2020"]
[Site "Bunratty IRL"]
[Date "2020.02.22"]
[Round "2.25"]
[White "Flynn, Jacob"]
[Black "Keogh, Eamon"]
[Result "1-0"]
[BlackTitle "NM"]
[WhiteElo "2105"]
[BlackElo "1958"]
[WhiteICU "2108"]
[BlackICU "1885"]
[WhiteClub "Malahide"]
[BlackClub "Kilkenny"]
[WhiteNationality "IRL"]
[BlackNationality "IRL"]
[WhiteFideId "2509393"]
[BlackFideId "2500264"]
[PlyCount "75"]
[EventDate "2020.02.21"]

{ Event information: <a
href="http://www.irlchess.com/bunratty2020_allfiles/pairings_bunratty2020.html">Tournament
report</a>. }

1. d4 Nf6 2. Nf3 g6 3. c4 Bg7 4. Nc3 O-O 5. Bg5 h6 6. Bh4 d6 7. e3 Nbd7 8.
Be2 c6 9. O-O Re8 10. Qc2 e5 11. b4 g5 12. Bg3 Nh5 13. Rfd1 Nxg3 14. hxg3
Qe7 15. d5 c5 16. a3 e4 17. Nd2 f5 18. g4 Qe5 19. Nb5 Nf6 20. Nc7 Bd7 21.
gxf5 Rac8 22. Nxe8 Qxe8 23. Rdc1 Bxf5 24. bxc5 Rxc5 25. Nb3 Rc8 26. Nd4 Bd7
27. Qb3 b6 28. Qb4 Qf8 29. Nb5 Bxb5 30. Qxb5 g4 31. g3 h5 32. Kg2 Nh7 33.
Rab1 Rc7 34. c5 dxc5 35. Qc4 Rf7 36. d6 Kh8 37. Rf1 Ng5 38. Rbd1 1-0

[Event "Bunratty Masters 2020"]
[Site "Bunratty IRL"]
[Date "2020.02.22"]
[Round "3.1"]
[White "Short, Nigel"]
[Black "Hort, Vlastimil"]
[Result "1-0"]
[WhiteTitle "GM"]
[BlackTitle "GM"]
[WhiteElo "2626"]
[BlackElo "2400"]
[WhiteNationality "ENG"]
[BlackNationality "GER"]
[WhiteFideId "400025"]
[BlackFideId "4600029"]
[PlyCount "39"]
[EventDate "2020.02.21"]

{ Event information: <a
href="http://www.irlchess.com/bunratty2020_allfiles/pairings_bunratty2020.html">Tournament
report</a>. } { Annotator: Alexander Baburin, <em>Sunday Independent</em>,
March 1, 2020 p. 25. }

1. e4 e5 2. Nf3 Nc6 3. Bb5 Nf6 4. O-O Nxe4 5. d4 Nd6 6. Bxc6 bxc6 7. dxe5
Nb7 8. Re1 Be7 9. Nd4 O-O 10. Nc3 f6 11. Bf4 c5 12. Nd5 fxe5 13. Bxe5 Bd6
14. Nf5 Bxe5 15. Rxe5 a5 16. Qg4 g6 17. Nde7+ Kh8 18. Nxg6+ hxg6 19. Qxg6
Ra6 20. Qg7# 1-0

[Event "Bunratty Masters 2020"]
[Site "Bunratty IRL"]
[Date "2020.02.22"]
[Round "3.2"]
[White "Bates, Richard"]
[Black "Paehtz, Elisabeth"]
[Result "0-1"]
[WhiteTitle "IM"]
[BlackTitle "IM"]
[WhiteElo "2366"]
[BlackElo "2472"]
[WhiteNationality "ENG"]
[BlackNationality "GER"]
[WhiteFideId "403555"]
[BlackFideId "4641833"]
[PlyCount "100"]
[EventDate "2020.02.21"]
[BlackFullName "P&auml;htz, Elisabeth"]

{ Event information: <a
href="http://www.irlchess.com/bunratty2020_allfiles/pairings_bunratty2020.html">Tournament
report</a>. }

1. d4 Nf6 2. Nf3 g6 3. g3 Bg7 4. c4 O-O 5. Bg2 d6 6. O-O Nc6 7. Nc3 e5 8.
dxe5 dxe5 9. h3 Be6 10. b3 h6 11. Ba3 Re8 12. Nd2 Qc8 13. Kh2 Rd8 14. e3
Nh7 15. Qc2 f5 16. Nd5 Qd7 17. b4 e4 18. Rad1 Qf7 19. f3 exf3 20. Nxf3 Ng5
21. Nxg5 hxg5 22. b5 Ne5 23. e4 Bxd5 24. exd5 Kh7 25. c5 g4 26. Qb3 gxh3
27. Bxh3 a6 28. bxa6 Rxa6 29. Bb2 Re8 30. Rd2 Nd7 31. Bxg7 Qxg7 32. Qb5
Rea8 33. Qb1 Nxc5 34. Rf4 Ne4 35. Rg2 Nd6 36. Re2 Kg8 37. g4 Qh6 38. Rb4
Ra3 39. Qf1 Qh4 40. Qg2 Ne4 41. gxf5 Rg3 42. Rbxe4 Rxg2+ 43. Kxg2 Qg5+ 44.
Rg4 Qxf5 45. Rd4 Qg5+ 46. Kh2 Rxa2 47. Be6+ Kg7 48. Rxa2 Qe5+ 49. Kh3 Qxd4
50. Ra8 Kh6 0-1

[Event "Bunratty Masters 2020"]
[Site "Bunratty IRL"]
[Date "2020.02.22"]
[Round "3.3"]
[White "Fromm, Marius"]
[Black "Turner, Matthew"]
[Result "1/2-1/2"]
[BlackTitle "GM"]
[WhiteElo "2189"]
[BlackElo "2516"]
[WhiteNationality "GER"]
[BlackNationality "SCO"]
[WhiteFideId "12993190"]
[BlackFideId "402893"]
[PlyCount "65"]
[EventDate "2020.02.21"]

{ Event information: <a
href="http://www.irlchess.com/bunratty2020_allfiles/pairings_bunratty2020.html">Tournament
report</a>. }

1. Nf3 Nf6 2. c4 e6 3. g3 d5 4. Bg2 Be7 5. O-O O-O 6. d4 dxc4 7. Qc2 a6 8.
a4 Nc6 9. Qxc4 Qd5 10. Nbd2 Rd8 11. e3 Qh5 12. b3 Bd7 13. Bb2 Be8 14. Rfc1
Rac8 15. Qf1 Nd5 16. Nc4 f6 17. Ne1 Ndb4 18. Ba3 Qf7 19. Bxb4 Bxb4 20. Nd3
Bf8 21. Rab1 a5 22. Qe1 Nb4 23. Nxb4 Bxb4 24. Qe2 c5 25. dxc5 Rxc5 26. Rd1
Rcc8 27. Rxd8 Rxd8 28. Rd1 Rxd1+ 29. Qxd1 b5 30. axb5 Bxb5 31. Qd8+ Qe8 32.
Qb6 Bxc4 33. bxc4 1/2-1/2

[Event "Bunratty Masters 2020"]
[Site "Bunratty IRL"]
[Date "2020.02.22"]
[Round "3.4"]
[White "Williams, Simon"]
[Black "Baker, Chris W."]
[Result "1/2-1/2"]
[WhiteTitle "GM"]
[BlackTitle "IM"]
[WhiteElo "2473"]
[BlackElo "2234"]
[WhiteNationality "ENG"]
[BlackNationality "ENG"]
[WhiteFideId "468533"]
[BlackFideId "401676"]
[PlyCount "66"]
[EventDate "2020.02.21"]

{ Event information: <a
href="http://www.irlchess.com/bunratty2020_allfiles/pairings_bunratty2020.html">Tournament
report</a>. }

1. d4 Nf6 2. Bf4 d5 3. e3 e6 4. Nf3 Bd6 5. Bg3 c5 6. Nbd2 Nc6 7. c3 O-O 8.
Bd3 b6 9. O-O Bxg3 10. hxg3 Bb7 11. Qe2 Qe7 12. Ne5 Nxe5 13. dxe5 Ne4 14.
Bxe4 dxe4 15. Qg4 Rad8 16. Nxe4 Bxe4 17. Qxe4 Rd2 18. Rab1 Rfd8 19. g4 Qg5
20. c4 g6 21. a4 Kg7 22. g3 R8d3 23. b4 cxb4 24. Rxb4 Qe7 25. Rb5 Rc3 26.
a5 Qc7 27. axb6 axb6 28. Rb4 Rdc2 29. Qf4 Rxc4 30. Rxc4 Rxc4 31. Qf6+ Kg8
32. Kh2 Rc1 33. Rxc1 Qxc1 1/2-1/2

[Event "Bunratty Masters 2020"]
[Site "Bunratty IRL"]
[Date "2020.02.22"]
[Round "3.5"]
[White "Arkell, Keith"]
[Black "Brady, Stephen"]
[Result "1/2-1/2"]
[WhiteTitle "GM"]
[BlackTitle "FM"]
[WhiteElo "2454"]
[BlackElo "2288"]
[BlackICU "2268"]
[BlackClub "St. Benildus"]
[WhiteNationality "ENG"]
[BlackNationality "IRL"]
[WhiteFideId "400270"]
[BlackFideId "2500124"]
[PlyCount "106"]
[EventDate "2020.02.21"]

{ Event information: <a
href="http://www.irlchess.com/bunratty2020_allfiles/pairings_bunratty2020.html">Tournament
report</a>. }

1. d4 Nf6 2. Nf3 e6 3. c3 b6 4. Bg5 Bb7 5. e3 Be7 6. Nbd2 Nd5 7. Bxe7 Nxe7
8. Bd3 d6 9. O-O Nd7 10. e4 Ng6 11. Re1 O-O 12. Bf1 Qe7 13. c4 e5 14. Qb3
Rae8 15. Rac1 a5 16. g3 exd4 17. Nxd4 Nc5 18. Qc3 Qf6 19. Nb5 Qxc3 20. Rxc3
Re7 21. Rce3 Rfe8 22. Nc3 Ne5 23. h3 Ned7 24. Nd5 Bxd5 25. cxd5 f5 26. Bb5
fxe4 27. Bxd7 Nxd7 28. Nxe4 Re5 29. Nc3 Rxe3 30. Rxe3 Rxe3 31. fxe3 Nf6 32.
e4 Kf7 33. Kf2 Ke7 34. Ke3 Kd7 35. Nb5 c6 36. dxc6+ Kxc6 37. Nd4+ Kd7 38.
Kf4 Nh5+ 39. Kg4 g6 40. a4 Ng7 41. Kf4 Ne6+ 42. Ke3 Nc5 43. b3 Ke7 44. h4
h6 45. g4 Kf6 46. Kf3 Ke5 47. Nc6+ Kf6 48. Nd4 Ke5 49. Ke3 Kf6 50. Kf4 Nd3+
51. Kf3 Ne5+ 52. Kg3 Nd3 53. Kf3 Ne5+ 1/2-1/2

[Event "Bunratty Masters 2020"]
[Site "Bunratty IRL"]
[Date "2020.02.22"]
[Round "3.6"]
[White "Fitzsimons, David"]
[Black "Lopez, Alex"]
[Result "1/2-1/2"]
[WhiteTitle "IM"]
[BlackTitle "IM"]
[WhiteElo "2328"]
[BlackElo "2441"]
[WhiteICU "2341"]
[BlackICU "2453"]
[WhiteClub "Elm Mount"]
[BlackClub "Cork"]
[WhiteNationality "IRL"]
[BlackNationality "IRL"]
[WhiteFideId "2501961"]
[BlackFideId "2501430"]
[PlyCount "54"]
[EventDate "2020.02.21"]

{ Event information: <a
href="http://www.irlchess.com/bunratty2020_allfiles/pairings_bunratty2020.html">Tournament
report</a>. }

1. e4 e5 2. Nf3 Nc6 3. Bc4 Bc5 4. c3 Nf6 5. d4 exd4 6. e5 d5 7. Be2 Ne4 8.
cxd4 Bb6 9. O-O f6 10. exf6 Qxf6 11. Nc3 Be6 12. Be3 O-O 13. Na4 Bg4 14.
Qb3 Qd6 15. Rac1 Kh8 16. Nc5 Bxf3 17. Bxf3 Nxd4 18. Bxd4 Nxc5 19. Bxc5 Bxc5
20. Qxd5 Qxd5 21. Bxd5 Bd6 22. Rfd1 Rae8 23. Bxb7 Re2 24. Bf3 Rxb2 25. a4
Rfb8 26. Rd5 g6 27. g3 Rb1 1/2-1/2

[Event "Bunratty Masters 2020"]
[Site "Bunratty IRL"]
[Date "2020.02.22"]
[Round "3.7"]
[White "Baburin, Alexander"]
[Black "Wallace, Paul"]
[Result "1/2-1/2"]
[WhiteTitle "GM"]
[WhiteElo "2418"]
[BlackElo "2155"]
[WhiteICU "2386"]
[BlackICU "2145"]
[WhiteClub "Kilkenny"]
[BlackClub "Kilkenny"]
[WhiteNationality "IRL"]
[BlackNationality "IRL"]
[WhiteFideId "2500914"]
[BlackFideId "2500892"]
[PlyCount "89"]
[EventDate "2020.02.21"]

{ Event information: <a
href="http://www.irlchess.com/bunratty2020_allfiles/pairings_bunratty2020.html">Tournament
report</a>. }

1. d4 Nf6 2. c4 g6 3. Nf3 Bg7 4. g3 O-O 5. Bg2 d6 6. O-O Nc6 7. Nc3 a6 8.
b3 Rb8 9. Nd5 e6 10. Nxf6+ Bxf6 11. Bh6 Re8 12. Rc1 e5 13. d5 Nd4 14. Nxd4
exd4 15. Re1 Bd7 16. c5 dxc5 17. Rxc5 Rc8 18. e4 dxe3 19. Rxe3 Rxe3 20.
Bxe3 Be5 21. Qd2 Qe7 22. Rc1 Re8 23. d6 Qxd6 24. Qxd6 Bxd6 25. Bxb7 Bh3 26.
Rc4 Re5 27. Bxa6 Rd5 28. Rd4 Ra5 29. Ra4 Rxa4 30. bxa4 Bb4 31. Bc4 Kf8 32.
f3 Bd7 33. Bb3 Bc8 34. Kf2 Ba6 35. Ba7 Ke7 36. Ke3 f6 37. Kd4 Kd6 38. Bc4
Bb7 39. f4 Bg2 40. Bg8 h6 41. Ke3 c5 42. Bb6 Kc6 43. Bd8 f5 44. Bf7 Be1 45.
a5 1/2-1/2

[Event "Bunratty Masters 2020"]
[Site "Bunratty IRL"]
[Date "2020.02.22"]
[Round "3.8"]
[White "Lalic, Bogdan"]
[Black "Pein, Jonathan"]
[Result "1-0"]
[WhiteTitle "GM"]
[WhiteElo "2400"]
[BlackElo "2160"]
[WhiteNationality "CRO"]
[BlackNationality "ENG"]
[WhiteFideId "409081"]
[BlackFideId "417092"]
[PlyCount "63"]
[EventDate "2020.02.21"]
[WhiteFullName "Lali&#263;, Bogdan"]

{ Event information: <a
href="http://www.irlchess.com/bunratty2020_allfiles/pairings_bunratty2020.html">Tournament
report</a>. }

1. d4 Nf6 2. c4 b6 3. Nc3 Bb7 4. Qc2 d5 5. cxd5 Nxd5 6. e4 Nxc3 7. bxc3 e5
8. Nf3 exd4 9. Bc4 d3 10. Qb3 Qe7 11. Ng5 f6 12. Bf7+ Kd8 13. Bd5 c6 14.
Nf7+ Ke8 15. Be6 Na6 16. Nxh8 Nc5 17. Bf7+ Kd8 18. Qc4 Qxe4+ 19. Be3 Qxg2
20. O-O-O Ba6 21. Qd4+ Kc7 22. Bc4 Rd8 23. Qf4+ Bd6 24. Rhg1 Qxg1 25. Rxg1
Bxf4 26. Bxf4+ Kc8 27. Bxa6+ Nxa6 28. Nf7 g5 29. Nxd8 Kxd8 30. Be3 c5 31.
Kd2 c4 32. Rg4 1-0

[Event "Bunratty Masters 2020"]
[Site "Bunratty IRL"]
[Date "2020.02.22"]
[Round "3.9"]
[White "Heidenfeld, Mark"]
[Black "Lange, Jannis"]
[Result "1-0"]
[WhiteTitle "IM"]
[WhiteElo "2361"]
[BlackElo "2126"]
[WhiteICU "2297"]
[WhiteClub "Kilkenny"]
[WhiteNationality "IRL"]
[BlackNationality "GER"]
[WhiteFideId "2500990"]
[BlackFideId "12993107"]
[PlyCount "111"]
[EventDate "2020.02.21"]

{ Event information: <a
href="http://www.irlchess.com/bunratty2020_allfiles/pairings_bunratty2020.html">Tournament
report</a>. }

1. e4 c5 2. Nf3 Nc6 3. d4 cxd4 4. Nxd4 Nf6 5. Nc3 e5 6. Ndb5 d6 7. a4 a6 8.
Na3 h6 9. Nc4 Rb8 10. a5 Be6 11. Be3 Bxc4 12. Bb6 Qc8 13. Bxc4 Be7 14. Nd5
O-O 15. Qe2 Nxd5 16. Bxd5 Bd8 17. Bxd8 Nxd8 18. O-O Ne6 19. Bxe6 fxe6 20.
Ra3 Qc5 21. Rd3 Rf7 22. c3 Rd8 23. b4 Qc4 24. Rfd1 Re7 25. Qd2 Red7 26. Qe3
Qc7 27. h4 d5 28. f3 Qc4 29. exd5 Rxd5 30. Rxd5 Rxd5 31. Rxd5 Qxd5 32. Qe4
Kf7 33. c4 Qd1+ 34. Kh2 Kf6 35. b5 Qd2 36. h5 Qg5 37. Qg6+ Qxg6 38. hxg6
Ke7 39. Kg3 Kd6 40. Kf2 Kc5 41. bxa6 bxa6 42. Ke3 Kxc4 43. Ke4 Kb4 44. Kxe5
Kxa5 45. Kxe6 Kb4 46. Kf7 a5 47. Kxg7 a4 48. Kh7 a3 49. g7 a2 50. g8=Q a1=Q
51. Qf8+ Kc4 52. Qxh6 Qb1+ 53. Qg6 Qh1+ 54. Kg7 Kd5 55. g4 Ke5 56. Qh5+ 1-0